header

The making of the ASEAN Charter (Record no. 106278)

MARC details
000 -LEADER
fixed length control field 01401nam a22003734a 4500
082 04 - DEWEY DECIMAL CLASSIFICATION NUMBER
Classification number 341.24/73
245 04 - TITLE STATEMENT
Title The making of the ASEAN Charter
260 ## - PUBLICATION, DISTRIBUTION, ETC. (IMPRINT)
Place of publication Singapore ;
-- Hackensack, NJ :
Name of publisher World Scientific Pub. Co.,
Year of publication c2009.
300 ## - PHYSICAL DESCRIPTION
Number of Pages xxvi, 214 p. :
Other physical details col. ill.
650 #0 - SUBJECT ADDED ENTRY--TOPICAL TERM
Topical Term South Asian cooperation.
700 1# - ADDED ENTRY--PERSONAL NAME
Personal name Koh, Tommy T. B.
Personal name Manalo, Rosario G.
Personal name Woon, Walter C. M.
856 40 - ELECTRONIC LOCATION AND ACCESS
Uniform Resource Identifier http://site.ebrary.com/lib/rucke/Doc?id=10361666

No items available.

© 2026 Rongo University
Contact us: librarian | system librarian | Rongo university